Cuentos, Costumbres, Tradiciones Andinas / (Record no. 22713)

000 -CABECERA
fixed length control field 00934nam a22002537i 4500
003 - IDENTIFICADOR DEL NÚMERO DE CONTROL
control field AR-CdUCM
008 - DATOS DE LONGITUD FIJA--INFORMACIÓN GENERAL
fixed length control field 231006b20212021pe o|||| |||| 001 0 spa d
040 ## - FUENTE DE LA CATALOGACIÓN
Agencia/entidad que catalogó originalmente la obra MUNICIPALIDAD PROVINCIAL DEL CUSCO
Entidad que transcribió la catalogación BIBLIOTECA MUNICIPAL DEL CUSCO
082 ## - NÚMERO DE LA CLASIFICACIÓN DECIMAL DEWEY
No. de Clasificación 398.20985 / T15
Notacion interna T15
100 ## - ENTRADA PRINCIPAL--NOMBRE DE PERSONA
Nombre Personal Taype Haqquehua, Eugenio
245 ## - MENCIÓN DE TÍTULO
Título Cuentos, Costumbres, Tradiciones Andinas /
260 ## - PUBLICACIÓN, DISTRIBUCIÓN, ETC.
Lugar de publicación, distribución, etc. Cusco :
Fecha de publicación, distribución, etc. 2021.
300 ## - DESCRIPCIÓN FÍSICA
Nº de Páginas Extensión 104 páginas. :
Dimensiones 21 cm.
500 ## - NOTA GENERAL
Bibliografía Bibliografía: página 105
505 ## - NOTA DE CONTENIDO CON FORMATO
Nota de contenido formateada El manto sagrado del inca -- La flor de cala -- El padre ambicioso -- Pago a la tierra -- La ofrenda a los muertos -- Los carnavales -- Trigo eran.
650 ## - PUNTO DE ACCESO ADICIONAL DE MATERIA--TÉRMINO DE MATERIA
Descriptor Manto sagrado
9 (RLIN) 49113
650 ## - PUNTO DE ACCESO ADICIONAL DE MATERIA--TÉRMINO DE MATERIA
Descriptor La hoja y el manto sagrado
9 (RLIN) 49114
650 ## - PUNTO DE ACCESO ADICIONAL DE MATERIA--TÉRMINO DE MATERIA
Descriptor Corte del primer cabello
9 (RLIN) 49115
650 ## - PUNTO DE ACCESO ADICIONAL DE MATERIA--TÉRMINO DE MATERIA
Descriptor La wathia
9 (RLIN) 49116
650 ## - PUNTO DE ACCESO ADICIONAL DE MATERIA--TÉRMINO DE MATERIA
Descriptor Salvación del condenado
9 (RLIN) 49117
942 ## - ELEMENTOS DE PUNTO DE ACCESO ADICIONAL (KOHA)
Fuente de clasificación
Tipo de item Libros-BMC
945 ## - PROCESAMIENTO DE INFORMACIÓN LOCAL (OCLC)
Catalogador pebm
AAAA-MM-DD - Fecha de ingreso o modificacion 2032-10-06
Holdings
Estado de retiro (separado) Fuente de clasificación o esquema de estanterías Estado dañado Ubicación Sala donde se ubica Nombre de la colección Fecha de adquisición o compra Fuente de adquisición Costo, precio normal en soles Signatura topográfica Código de Barras Última vez visto (Koha) Tipo de ítem (Koha)
No     Sala Humanidades Sala Humanidades Book Cart 2023-10-06 Donación 10.00 398.20985 / T15 SH0000016544 2023-10-06 Libros-BMC

Powered by Koha